000
00300nam a2200121Ia 4500
008
210430s9999 xx 000 0 und d
082
_a
535.84 K31 O
100
_a
William Kemp.
_9
119488
245
_a
Organic Spectroscopy
260
_a
New york
_b
Palgrave
_c
2005
300
_a
393p
942
_c
BK
_2
ddc
999
_c
562607
_d
562607